Statistiques concernant Culture Générale - Série 1016

Cliquez ici pour prendre le quiz!

Statistiques générales

  • Ce quiz a été pris 61 fois
  • Le résultat moyen est 7 sur 10

Statistiques - réponses

QuestionRéponse% Correct
Dans quel pays vous trouvez-vous si vous visitez l'archipel des Cyclades ?Grèce
91%
Quel fleuve traverse la ville hongroise de Budapest ?Danube
88%
Le bardot est le résultat de l'accouplement d'un cheval et d'une...anesse
88%
Quelle romancière britannique a créé la détective Jane Marple, alias miss Marple ?Agatha Christie
82%
Comment appelle-t-on le moyen naturel de repérage et de détection par écho sonore, utilisé notamment par les dauphins ?sonar
79%
Quel mot issu du grec "andros" désigne un automate à forme humaine ?androïde
71%
Quel petit chien, au nez court et au poil long, peut être "maltais", "havanais" ou "bolonais" ?bichon
71%
A quel animal se rapporte l'adjectif aquilin ?aigle
52%
Complétez cette locution : "Franc comme un âne qui...recule
27%
Quelle prière, dont la majeure partie est en araméen, est récitée à la fin de chaque partie de l'office synagogal ?Kaddish
4%

Distribution des résultats

Percentile par nombre de réponses

% des personnes avec chaque résultat

Votre développement - résultats

Vous n’avez pas pris ce quiz